[Event "Modbury Championship"]
[Site "Modbury"]
[Date "2007.06.22"]
[Round "5.6"]
[White "Hill, Victor"]
[Black "Sanders, Michael J"]
[Result "0-1"]
[Annotator "Fritz 10"]
[BlackElo "1236"]
[EventCountry "AUS"]
[EventDate "2007.06.02"]
[EventRounds "9"]
[EventType "swiss"]
[PlyCount "60"]
[WhiteElo "1216"]

{ B30: Sicilian: 2...Nc6 3 Bb5, lines without ...g6 } 1. e4 c5 2. Bc4 e6 3. Nf3
Nc6 4. c3 Nf6 ( 4... g6 5. d4 cxd4 6. cxd4 Bg7 7. O-O Nge7 8. e5 O-O 9. Bg5 Qb6
10. Qd2 Nf5 11. d5 Nxe5 12. Nxe5 Bxe5 13. Nc3 Qc7 14. Bd3 Bxh2+ 15. Kh1 Be5 16.
Bxf5 exf5 17. d6 Qc4 18. f4 Bxc3 19. bxc3 { Nehudek,K-Klimes,J  ( 2365 )
/Hrabyne 2003/CBM 095 ext/0-1  ( 48 )}  )( 4... d5 5. Bb5 dxe4 6. Qa4 exf3 7.
Bxc6+ bxc6 8. Qxc6+ Bd7 9. Qxf3 Nf6 10. d4 cxd4 11. cxd4 Bb4+ 12. Bd2 Bxd2+ 13.
Nxd2 O-O 14. O-O Bb5 15. Rfe1 Qxd4 16. h3 Qxd2 17. b3 Rac8 18. Rad1 Qxa2 19. b4
{ Faleato Gonzalez,A-Videnova,I  ( 2124 ) /Aviles 2006/CBM 113 ext/0-1}  )5. d3
d5 $146 ( 5... h6 6. O-O a6 7. h3 Na5 8. Nbd2 b5 9. Bb3 Be7 10. e5 Nh7 11. Bc2
Bb7 12. d4 O-O 13. Ne4 c4 14. Nc5 Bd5 15. b3 Qc7 16. b4 Nb7 17. Ne4 d6 18. Bf4
Qc6 19. Nfd2 f5 20. Qh5 { Hahn,W-Fries,A/Schweich 1990/GER/0-1}  )6. exd5 exd5
7. Bb3 { Black has an active position}  ( 7. Bb5 Bd6 $15 )7... Bd6 ( 7... Qe7+
8. Kf1 $17 )8. O-O $15 { White castles and improves king safety}  8... O-O {
Black castles and improves king safety}  9. Bg5 { Black has a very active
position}  9... Bg4 10. Nbd2 { White has a cramped position}  10... h6 { Black
threatens to win material: h6xg5}  11. Bh4 { White has a cramped position} 
11... Ne5 { Black threatens to win material: Ne5xd3}  ( 11... Bf4 12. Re1 $15
)12. Bc2 ( 12. h3 Bxf3 13. Nxf3 Ned7 $11 )12... g5 ( 12... Ng6 $5 13. Bg3 Nf4
$17 )13. Bg3 $11 { White threatens to win material: Bg3xe5}  13... Nh5 ( 13...
Re8 14. Bxe5 Rxe5 15. h3 Bxf3 16. Qxf3 $11 )14. h3 ( 14. Bxe5 $5 $142 Bxe5 15.
h3 Bxf3 16. Qxf3 $14 )14... Nxg3 $15 15. fxg3 Bh5 16. Qe1 ( 16. g4 Bg6 17. Nxe5
Bxe5 $11 )16... Re8 ( 16... Nxf3+ 17. Nxf3 Qb6 18. g4 $17 )17. Qf2 $15 Qc7 {
Black has an active position}  18. Kh2 Bg6 19. Nxe5 Rxe5 20. Qg1 $4 ( 20. d4
$142 { is the best chance}  20... Re6 21. Bxg6 Rxg6 22. Nf3 $15 )20... Re2 $19
21. Rad1 ( 21. Bb3 { doesn't do any good}  21... Bxg3+ 22. Kh1 Rxd2 23. Bxd5
Rxb2 $19 )21... Bxg3+ 22. Kh1 c4 ( 22... g4 $5 $142 { keeps an even firmer
grip}  23. Bb3 gxh3 24. gxh3 $19 )23. Qd4 ( 23. Bb1 { cannot undo what has
already been done}  23... g4 24. hxg4 Rxd2 $19 )23... Rd8 ( 23... Bf4 $142 {
secures victory}  24. Bb1 Rxd2 25. Rxd2 Bxd2 26. dxc4 Qxc4 27. Qf2 $19 )24. Bb1
Bf4 ( 24... Be5 $142 { makes it even easier for Black}  25. Qg1 cxd3 $19 )25.
Rf3 $4 { an oversight. But White was lost anyway.}  ( 25. Nf3 $19 $142)25...
Bxd2 26. dxc4 Rde8 ( 26... Be4 $142 { and Black can already relax}  27. Bd3
dxc4 28. Qxd8+ Qxd8 29. Bxe2 Bxf3 30. Bxf3 Qd3 $19 )27. Rff1 $4 { sad, but how
else could White save the game?}  ( 27. Bxg6 fxg6 28. Qxd5+ Kh8 $19 )27... Rxg2
$1 { Double attack: c4/g2}  28. Kxg2 ( 28. Kxg2 Be4+ { Double attack}  )( 28.
-- Qh2# { Mate threat}  )28... Re2+ ( 28... Bxb1 $142 { and Black can celebrate
victory}  29. Rxb1 Re2+ 30. Rf2 Be3 31. Rxe2 Bxd4 32. cxd4 Qxc4 $19 )29. Rf2
Be3 30. Kf1 $4 { shortens the misery for White}  ( 30. Rxe2 $142 Bxd4 31. Bxg6
$19 )30... Rxf2+ ( 30... Rxf2+ 31. Ke1 Qg3 32. Qh8+ Kxh8 33. Bd3 Rxb2+ 34. Kf1
Qg1# ) 0-1

[Event "Modbury Championship"]
[Site "Modbury"]
[Date "2007.06.29"]
[Round "6.1"]
[White "Chilman, Alan"]
[Black "Anderson-Smith, William"]
[Result "1/2-1/2"]
[Annotator "Fritz 10"]
[BlackElo "1629"]
[EventCountry "AUS"]
[EventDate "2007.06.02"]
[EventRounds "9"]
[EventType "swiss"]
[PlyCount "51"]
[WhiteElo "1792"]

{ D37: Queen's Gambit Declined: 5 Bf4 } 1. d4 d5 2. c4 e6 3. Nc3 Nf6 4. e3 Be7
5. Nf3 O-O 6. a3 a5 ( 6... Nc6 7. b3 Ne4 8. Qc2 Nxc3 9. Qxc3 a5 10. Bb2 Bd7 11.
Bd3 a4 12. b4 dxc4 13. Qxc4 Na7 14. Qc2 h6 15. Qe2 Qe8 16. Rc1 Rc8 17. Ne5 Bb5
18. Nc4 Rd8 19. O-O b6 20. Rfd1 Nc8 21. Ne5 { Bukal,V  ( 2445 ) -Heyken,E  (
2315 ) /Berlin West 1984/MCD/1-0  ( 56 )}  )( 6... c6 7. b4 Nbd7 8. Bb2 Re8 9.
Qc2 Bd6 10. Bd3 e5 11. cxd5 cxd5 12. dxe5 Nxe5 13. Nxe5 Bxe5 14. O-O d4 15.
exd4 Bxh2+ 16. Kh1 Bd6 17. Rfe1 Be6 18. Bf5 Ng4 19. g3 Qg5 20. Bxg4 Bxg4 21.
Kg2 { Brumo Marques,V-Tsang Hon Ki  ( 2154 ) /Turin 2006/CBM 113/1/2-1/2}  )7.
c5 $146 { White gets more space}  ( 7. Qc2 Nbd7 8. Bd3 c5 9. cxd5 exd5 10. dxc5
Nxc5 11. O-O b6 12. Rd1 Bb7 13. Bc4 Bd6 14. Ba2 Rc8 15. Qf5 g6 16. Qh3 Nce4 17.
Nb5 Bb8 18. Bd2 Rc2 19. b4 Nxd2 20. Rxd2 Rxd2 21. Nxd2 axb4 { Gilles de la
Londe,J  ( 1610 ) -Billoire,C  ( 2050 ) /Montigny le Bretonneux 2003/CBM 097
ext/0-1}  )7... b6 8. cxb6 cxb6 9. Bd3 Ba6 10. O-O Nbd7 11. Bxa6 Rxa6 12. Qd3 {
White threatens to win material: Qd3xa6}  12... Ra8 13. Bd2 Rc8 14. Nb5 Ne4 15.
Rac1 Ndf6 16. Na7 Rxc1 17. Rxc1 Qd7 ( 17... Qa8 18. Nc6 Re8 19. Qb5 $14 )18.
Nc6 $14 Bd6 19. Nce5 ( 19. Qa6 Ng4 20. Be1 Qc7 $16 )19... Bxe5 20. Nxe5 Qb7 21.
b4 Nxd2 22. Qxd2 Ne4 { Black threatens to win material: Ne4xd2}  23. Qb2 axb4
24. axb4 Rc8 25. Rc2 ( 25. b5 f6 26. Nc6 Ra8 $11 )25... Nd6 26. Qc1  1/2-1/2

[Event "Modbury Championship"]
[Site "Modbury"]
[Date "2007.06.29"]
[Round "6.2"]
[White "Jelic, Mato"]
[Black "Wynne, David"]
[Result "1-0"]
[Annotator "Fritz 10"]
[BlackElo "1444"]
[EventCountry "AUS"]
[EventDate "2007.06.02"]
[EventRounds "9"]
[EventType "swiss"]
[PlyCount "59"]
[WhiteElo "1707"]

{ D33: Tarrasch Defence: 6 g3 sidelines } 1. d4 d5 2. c4 e6 3. Nc3 c5 4. cxd5
exd5 5. Nf3 Nf6 6. g3 Nc6 7. Bg2 h6 8. O-O Be6 9. Bf4 a6 ( 9... Rc8 10. Rc1 c4
11. Ne5 Bb4 ( 11... Be7 12. e4 dxe4 13. Nxe4 Nd5 14. Nxc6 Rxc6 15. Nc5 Bxc5 16.
dxc5 Rxc5 17. Qa4+ Qd7 18. Qxa7 b6 19. Qxd7+ Kxd7 20. Rfd1 Rhc8 21. Be3 Ra5 22.
Bxb6 Rb5 23. Bd4 f6 24. Bf1 Rb4 25. a3 Ra4 26. b3 { Hole,O  ( 2247 ) -Miezis,N 
( 2516 ) /Gausdal 2003/CBM 093 ext/1-0}  )12. Qa4 Bxc3 13. bxc3 O-O 14. Nxc6
bxc6 15. Rb1 Qd7 16. Qb4 Bh3 17. Qd6 Qxd6 18. Bxd6 Bxg2 19. Kxg2 Rfe8 20. Rb2
Ne4 21. Bb4 Rb8 22. Rfb1 Rb7 23. Ba5 Rxb2 24. Rxb2 { Georgiev,K  ( 2610 )
-Lobron,E  ( 2625 ) /Tilburg 1992/CBM 032/1-0  ( 47 )}  )10. Re1 $146 ( 10. Rc1
Be7 11. dxc5 Bxc5 12. Ne5 Rc8 13. Na4 Ba7 14. Nxc6 bxc6 15. Nc5 O-O 16. Qa4
Bxc5 17. Rxc5 Qb6 18. b4 Nd7 19. Ra5 Ra8 20. Rc1 Rfc8 21. Bd6 Qb7 22. Bc5 Ne5
23. Bd4 Nc4 24. Rc5 Rab8 { Martinez,C-Dawson,P/Dubai 1986/TD/1-0  ( 32 )}  )(
10. Rb1 Be7 $14 )10... Bd6 11. dxc5 Bxc5 { Black has a very active position.} 
12. Rc1 Bd6 $4 ( 12... O-O $11 $142 { would be a reprieve} )13. Bxd6 $18 Qxd6
14. e4 Bg4 ( 14... O-O 15. e5 Nxe5 16. Rxe5 $18 )15. exd5+ Ne7 16. Qb3 ( 16.
Qa4+ $5 { makes it even easier for White}  16... Bd7 17. Ne4 Bxa4 18. Nxd6+ Kf8
$18 )16... Rb8 17. Ne5 O-O 18. Nxg4 Nxg4 19. Ne4 Qd8 ( 19... Qg6 20. Nc5 Qd6
21. h3 $18 )20. h3 Ne5 21. d6 ( 21. Nc5 $5 { might be the shorter path}  21...
b6 22. Nxa6 Ra8 $18 )21... N7c6 22. Qd5 ( 22. Red1 { seems even better}  22...
Nd7 $18 )22... Qb6 ( 22... Nd7 23. Qd2 $18 )23. b3 Rfe8 24. Qc5 ( 24. Nc5 {
might be the shorter path}  24... Rbd8 $18 )24... Qb4 $2 ( 24... Qd8 25. Qc3
Rc8 $18 )25. Qxb4 ( 25. Red1 { and White can already relax}  25... Red8 $18
)25... Nxb4 26. Nc5 ( 26. Rc7 $142 { seems even better}  26... Red8 27. Rd1 $18
)26... Nbd3 ( 26... b6 27. d7 Red8 28. Rxe5 bxc5 $18 )27. Nxd3 Nxd3 ( 27... Nd7
{ hardly improves anything}  28. Rxe8+ Rxe8 29. Bxb7 $18 )28. Rxe8+ Rxe8 29. d7
Rd8 30. Rc8 ( 30. Rc8 Kf8 31. Rxd8+ Ke7 32. Rf8 Kxd7 33. Rxf7+ Ke8 34. Rxg7 $18
) 1-0

[Event "Modbury Championship"]
[Site "Modbury"]
[Date "2007.06.29"]
[Round "6.4"]
[White "McPherson, Erick"]
[Black "Sanders, Michael J"]
[Result "1-0"]
[Annotator "Fritz 10"]
[BlackElo "1236"]
[EventCountry "AUS"]
[EventDate "2007.06.02"]
[EventRounds "9"]
[EventType "swiss"]
[PlyCount "33"]
[WhiteElo "1397"]

{ C02: French: Advance Variation } 1. e4 e6 2. d4 d5 3. e5 c5 4. c3 Nc6 5. Nf3
Nge7 6. Na3 cxd4 7. cxd4 Nf5 8. Nc2 Qb6 { d4 becomes the focus of attention} 
9. Bd3 Bb4+ 10. Bd2 ( 10. Kf1 Be7 11. g3 Bd7 12. Kg2 Rc8 13. Bxf5 exf5 14. b3
O-O 15. Bg5 Bxg5 16. Nxg5 f4 17. gxf4 Ne7 18. Ne3 Qg6 19. h4 h5 20. Rg1 f6 21.
exf6 Rxf6 22. Qf3 Rd6 23. Kh2 Rf8 24. Rg3 Qh6 { Short,N  ( 2575 ) -Vaganian,R 
( 2625 ) /Montpellier 1985/Candidates/1/2-1/2  ( 40 )}  )10... Bxd2+ 11. Qxd2
Qxb2 12. O-O Nfxd4 $146 ( 12... Qb6 13. Qf4 Qd8 14. Ne3 Nce7 15. Qg4 Ng6 16. g3
h5 17. Qh3 h4 18. Qg4 hxg3 19. hxg3 Nh6 20. Qh5 Nf5 21. Qg4 Nh6 { 1/2-1/2
Prie,E  ( 2405 ) -Adrian,C  ( 2250 ) /Epinal 1989/TD}  )( 12... Qb6 $5 $14 $142
{ deserves consideration} )13. Nfxd4 $16 Nxd4 14. Rfb1 Nxc2 $4 { another bit of
territory lost}  ( 14... Nf3+ $142 15. gxf3 Qxe5 16. Bb5+ Kf8 $16 )15. Rxb2 $18
Nxa1 16. Bb5+ Kd8 17. Qb4 ( 17. Qb4 Bd7 18. Qd6 Kc8 19. Bxd7+ Kd8 20. Bc6+ Kc8
21. Bxb7# ) 1-0

[Event "Modbury Championship"]
[Site "Modbury"]
[Date "2007.06.29"]
[Round "6.5"]
[White "Hill, Victor"]
[Black "Maric, Milan"]
[Result "0-1"]
[Annotator "Fritz 10"]
[BlackElo "1354"]
[EventCountry "AUS"]
[EventDate "2007.06.02"]
[EventRounds "9"]
[EventType "swiss"]
[PlyCount "58"]
[WhiteElo "1216"]

{ C02: French: Advance Variation } 1. e4 e6 2. d4 d5 3. e5 c5 4. Nf3 Nc6 5. Bb5
a6 ( 5... Qa5+ 6. Nc3 Bd7 7. a3 a6 8. Bxc6 Bxc6 9. dxc5 Bxc5 10. O-O Qc7 11.
Bf4 Ne7 12. Nd4 Bd7 13. Re1 Ng6 14. Bg3 O-O 15. h4 h6 16. h5 Ne7 17. Qg4 Bxd4
18. Qxd4 Nf5 19. Qe3 Qd8 20. Rad1 { Mollaogullari,S-Atas,R/Kusadasi 2004/CBM
099 ext/0-1  ( 36 )}  )6. Bxc6+ bxc6 7. c3 $146 ( 7. Nc3 f6 8. Be3 fxe5 9. Nxe5
Bd6 10. Nxc6 Qd7 11. Ne5 Bxe5 12. dxe5 d4 13. Bg5 dxc3 14. Qxd7+ Bxd7 15. bxc3
Ne7 16. O-O h6 17. Bh4 Nd5 18. c4 Nf4 19. Bg3 Ne2+ 20. Kh1 Nxg3+ 21. fxg3 Rf8 {
Cano Mayren,I-Rodriguez Aguilera,A/Villahermosa 2001/CBM 085 ext/1-0  ( 62 )} 
)( 7. O-O Qb6 8. b3 cxd4 9. Nxd4 c5 ( 9... Ne7 10. Be3 c5 11. Nf3 Ng6 12. Bg5
Qc7 13. Re1 Be7 14. Bxe7 Qxe7 15. Nc3 O-O 16. a4 Rd8 17. Qd2 h6 18. Rad1 Qc7
19. h3 Bb7 20. Nb1 Rac8 21. Qe2 c4 22. Nd4 cxb3 23. cxb3 Qc5 24. g3 { Rente,H 
( 1829 ) -Malheiro,M  ( 1723 ) /Guimaraes 2002/CBM 088 ext/0-1  ( 40 )}  )10.
Nf3 a5 11. a4 Ba6 12. Re1 Ne7 13. Nbd2 Nf5 14. c4 d4 15. Ne4 Bb7 16. g4 Bxe4
17. Rxe4 Ne7 18. Bg5 h6 19. Rf4 Ng6 20. Re4 hxg5 21. Nxg5 Be7 {
Abrantes,J-Ribeiro,A/Lisbon 1999/CBM 073 ext/0-1}  )7... Qb6 8. O-O Ne7 9. Nbd2
( 9. dxc5 Qxc5 10. b4 Qb5 $11 )9... Nf5 ( 9... cxd4 10. cxd4 Nf5 11. Qc2 $11
)10. Re1 ( 10. Qc2 $5 $11 { is worthy of consideration} )10... cxd4 $15 11.
cxd4 Nxd4 12. Nf1 ( 12. Nxd4 Qxd4 13. Qf3 Qb4 $17 )12... Bc5 13. b3 a5 ( 13...
Nf5 14. Qc2 $17 )14. Be3 Nxf3+ 15. Qxf3 Bxe3 16. Nxe3 ( 16. Rxe3 O-O 17. Qh5 f6
$17 )16... Ba6 $19 17. Qg3 O-O 18. Ng4 Kh8 19. Rad1 d4 { Black has a new
backward pawn: c6}  ( 19... a4 $5 $19)20. Qh4 ( 20. Re4 $142 Qc5 21. Qf4 $15
)20... Qd8 $4 { Black loses the upper hand}  ( 20... Rg8 $17)21. Qh5 $4 { ruins
a clearly superior position}  ( 21. Nf6 $142 { and the result of the game is
clear: White will win}  21... h6 22. Rxd4 $18 )21... d3 ( 21... c5 $19 $142 {
Black had this great chance} )22. Re3 $11 Qd5 ( 22... Qd4 $142 23. Rh3 Qe4 $15
)23. Nf6 $4 { gives the opponent counterplay}  ( 23. Rg3 $142 { was much
better}  23... f6 24. Qh4 $11 )23... gxf6 $19 24. Rh3 $4 { White has lost his
nerve... understandable when you consider his position}  ( 24. Qh6 Rg8 25.
Qxf6+ Rg7 26. Rg3 $19 )24... Qe4 25. Qh6 ( 25. exf6 { does not win a prize} 
25... Rg8 26. f3 Qg6 27. Qxg6 Rxg6 $19 )25... Qg6 26. exf6 Qxh6 27. Rxh6 Rad8
28. g4 ( 28. Rd2 $19 { is still a small chance} )28... d2 29. h4 Be2 ( 29...
Be2 30. Rxd2 Rxd2 $19 ) 0-1

[Event "Modbury Championship"]
[Site "Modbury"]
[Date "2007.06.29"]
[Round "6.6"]
[White "Watters, Daniel"]
[Black "De Jong, George"]
[Result "0-1"]
[Annotator "Fritz 10"]
[BlackElo "1261"]
[EventCountry "AUS"]
[EventDate "2007.06.02"]
[EventRounds "9"]
[EventType "swiss"]
[PlyCount "128"]
[WhiteElo "1340"]

{ D00: 1 d4 d5: Unusual lines } 1. d4 Nf6 2. g3 d5 3. Bg2 c6 4. f3 $146 {
Secures e4+g4}  ( 4. Qd3 g6 5. f3 Bg7 6. e4 dxe4 7. fxe4 O-O 8. Nf3 Qb6 9. Nc3
Rd8 10. O-O e5 11. Nxe5 Rxd4 12. Qe3 Nbd7 13. Nxd7 Bxd7 14. Kh1 Be6 15. b3 Ng4
16. Qe2 Qa5 17. Bb2 Rad8 18. Nd5 cxd5 { Wade,R-Steiner,H/Reggio Emilia
1951/MCD/0-1}  )( 4. Nd2 e5 5. dxe5 Ng4 6. Ngf3 Bc5 7. e3 Nd7 8. c4 Ndxe5 9.
Nxe5 Nxe5 10. cxd5 O-O 11. O-O cxd5 12. Nb3 Bb6 13. Nd4 Bg4 14. f3 Bd7 15. b3
Qf6 16. Bb2 Rfe8 17. Qd2 h5 18. Rad1 Qh6 { Rivas Pastor,M  ( 2520 ) -Rogers,I 
( 2550 ) /Manila 1992/TD/1/2-1/2  ( 41 )}  )( 4. b3 Bf5 5. a4 e6 6. Ba3 Qa5+ 7.
Qd2 Qxd2+ 8. Kxd2 Ne4+ 9. Bxe4 Bxe4 10. f3 Bg6 11. e3 Nd7 12. Bxf8 Rxf8 13. Ne2
e5 14. Na3 f6 15. Rac1 Ke7 16. Ra1 a5 17. c3 Rfe8 18. Rhe1 Kd6 { Roumeliotis,A 
( 1875 ) -Saltaev,M  ( 2508 ) /Agios Kirikos 2006/CBM 113 ext/0-1  ( 51 )}  )(
4. Nc3 Bf5 5. Nf3 h6 6. O-O e6 7. Re1 Be7 8. Ne5 O-O 9. e4 Bh7 10. Ng4 dxe4 11.
Ne5 Nbd7 12. Nxd7 Qxd7 13. Nxe4 Rad8 14. c3 c5 15. Nxf6+ Bxf6 16. Be3 cxd4 17.
Bxd4 Bxd4 18. cxd4 Qxd4 { Bharat,S-Ong Chong Ghee  ( 2205 ) /Kuala Lumpur
1992/CBM 031 ext/0-1}  )( 4. Nf3 Bf5 $11 )4... g6 ( 4... Qb6 5. a4 $15 )5. Bg5
( 5. c3 $5 $11)5... Bg7 6. c3 O-O 7. Nd2 ( 7. e4 h6 8. Bf4 c5 $15 )7... Nbd7 8.
Nh3 ( 8. e4 h6 9. Bf4 Re8 $11 )8... h6 9. Bxf6 Nxf6 { Black has the pair of
bishops}  10. Nf2 Ne8 ( 10... Qd6 11. Nd3 $15 )11. e4 dxe4 12. Ndxe4 Nd6 13.
O-O Nf5 ( 13... Qb6 14. Nxd6 exd6 15. Qd2 $15 )14. Re1 Rb8 15. Nd3 b6 {
Prevents intrusion on c5}  16. Nf4 { White plans d5}  16... Bb7 17. Qb3 Kh7 18.
Rad1 { White prepares d5}  18... Qc7 19. d5 ( 19. Qa4 c5 20. dxc5 Bxe4 21. fxe4
Qxc5+ 22. Kh1 Ne3 $11 )19... cxd5 20. Nxd5 Bxd5 21. Rxd5 Rbd8 22. Rxd8 Qxd8 23.
Rd1 { White threatens to win material: Rd1xd8}  23... Qc7 24. Rd3 e6 ( 24... b5
25. Qxb5 Rb8 26. Rd7 Rxb5 27. Rxc7 Rxb2 28. Rxa7 $15 )25. Bh3 ( 25. Qd1 $5
$14)25... Ne7 $11 26. Qd1 Nd5 27. Bg2 f5 { Black threatens to win material:
f5xe4}  28. Nf2 Qc5 29. Qe2 { White threatens to win material: Qe2xe6}  29...
Qc8 ( 29... e5 $5 $15 { is an interesting idea} )30. f4 $14 Rd8 31. Bxd5 ( 31.
h3 $5 $14 { is an interesting alternative} )31... exd5 $15 32. Rd1 Rd7 ( 32...
Qc7 $5 $15)33. Nd3 $11 a5 34. Kf1 ( 34. Ne5 Rd8 $11 )34... Qd8 ( 34... d4 35.
Ne5 Bxe5 36. fxe5 dxc3 37. bxc3 $15 )35. h3 h5 ( 35... d4 36. Ne5 Bxe5 37. fxe5
dxc3 38. Rxd7+ Qxd7 39. bxc3 $11 )36. Qf3 ( 36. Ne5 Re7 $14 )36... d4 $11 37.
Ne5 Bxe5 38. fxe5 dxc3 39. Rxd7+ Qxd7 40. bxc3 { A queen endgame occured}  (
40. Qxc3 Qd5 $11 )40... Qb5+ 41. Qe2 Qxe2+ $4 { weakening the position}  (
41... Qd5 $142 { had to be tried to avoid defeat}  42. Ke1 Kg7 $15 )42. Kxe2
$18 Kg7 43. Ke3 ( 43. c4 $142 { and White can already relax}  43... g5 44. h4
gxh4 45. gxh4 a4 $18 )43... Kf7 ( 43... b5 44. h4 Kf7 $18 )44. Kd4 ( 44. Kf4
$142 { secures the point}  44... b5 45. Kg5 $18 )44... Ke6 45. h4 $4 ( 45. a4
$142 { would bring relief}  45... h4 46. gxh4 $11 )45... a4 $19 46. c4 ( 46. a3
{ doesn't change anything anymore}  46... b5 47. Kc5 Kxe5 48. Kxb5 g5 49. hxg5
Ke6 $19 )46... a3 47. Kd3 ( 47. Kc3 { does not win a prize}  47... Kxe5 48. Kb4
g5 49. hxg5 f4 50. gxf4+ Kf5 $19 )47... Kxe5 48. Ke3 ( 48. Kc3 { doesn't do any
good}  48... f4 49. gxf4+ Kxf4 $19 )48... Kd6 ( 48... Kf6 $5 { makes it even
easier for Black}  49. Kf4 $19 )49. Kd4 ( 49. Kd3 $19 { a last effort to resist
the inevitable} )49... Ke6 50. Kd3 Kf6 51. Ke3 ( 51. Kc3 { does not save the
day}  51... g5 52. hxg5+ Kxg5 $19 )51... g5 ( 51... Ke5 $142 { keeps an even
firmer grip}  52. Kd3 f4 53. gxf4+ Kxf4 $19 )52. Kd4 ( 52. hxg5+ { the last
chance for counterplay}  52... Kxg5 53. Kf3 $19 )52... f4 53. gxf4 gxh4 54. Ke3
Kf5 ( 54... h3 $142 { might be the shorter path}  55. Kf2 Kf5 56. Kg3 $19 )55.
Kf3 h3 56. Kg3 h2 $1 { Deflection: h2}  57. Kxh2 Kxf4 58. Kh3 Ke4 59. Kh4 Kd4
60. Kxh5 Kxc4 61. Kg4 b5 62. Kf3 b4 ( 62... Kd4 { and Black can already relax} 
63. Kf4 b4 64. Kf3 $19 )63. Ke2 ( 63. Ke4 b3 64. axb3+ Kxb3 65. Ke3 $19 )63...
Kc3 64. Kd1 Kb2  0-1

[Event "Modbury Championship"]
[Site "Modbury"]
[Date "2007.07.13"]
[Round "7.2"]
[White "Staak, Eric"]
[Black "Chilman, Alan"]
[Result "1/2-1/2"]
[Annotator "Fritz 10"]
[BlackElo "1792"]
[EventCountry "AUS"]
[EventDate "2007.06.02"]
[EventRounds "9"]
[EventType "swiss"]
[PlyCount "54"]
[WhiteElo "1461"]

{ E76: King's Indian: Four Pawns Attack: Lines specific to 6 Nf3 move-order } 1.
d4 Nf6 2. c4 g6 3. Nc3 Bg7 4. e4 d6 5. f4 O-O 6. Nf3 Bg4 7. h3 Bxf3 8. Qxf3 c6
$146 { Covers b5+d5}  ( 8... e5 9. fxe5 Nfd7 10. Be3 Nc6 11. Bd3 dxe5 12. d5
Nd4 13. Qf2 c5 14. g4 a6 15. h4 Nf6 16. Rg1 Qd7 17. Qg2 b5 18. h5 Rfb8 19.
O-O-O Ne8 20. hxg6 fxg6 21. Rh1 Nd6 22. Qh3 Bh8 23. Rd2 {
Pribyl,J-Rytov,B/Tallinn 1973/MCL/1-0  ( 53 )}  )( 8... Nc6 9. Be3 e5 10. dxe5
( 10. fxe5 dxe5 11. d5 Nd4 12. Qf2 c5 13. Bd3 Ne8 14. O-O f5 15. Qd2 Nd6 16.
Rae1 f4 17. Bxd4 exd4 18. Na4 Rc8 19. e5 Nf7 20. e6 Ne5 21. b3 f3 22. Be4 f2+
23. Rxf2 Qh4 24. d6 Bh6 { Marjanovic,S  ( 2505 ) -Kozul,Z  ( 2380 ) /Sarajevo
1985/MCD/1-0  ( 37 )}  )10... dxe5 11. f5 Nh5 12. g4 Nf4 13. Rd1 Qe7 14. Qf2
Rfd8 15. Nd5 Nxd5 16. exd5 Nd4 17. a3 Bf6 18. h4 gxf5 19. g5 Bg7 20. Kd2 b5 21.
Bxd4 exd4 22. Qxf5 bxc4 23. Bxc4 { Ruban,V  ( 2565 ) -Krasenkow,M  ( 2545 )
/Podolsk 1990/TD/0-1}  )( 8... Nbd7 9. e5 Ne8 10. Qxb7 dxe5 11. fxe5 Nb6 12.
Qe4 f6 13. Bd2 Qc8 14. c5 f5 15. Qf3 Nd7 16. Bc4+ Kh8 17. Nd5 c6 18. Nxe7 Qc7
19. Qf4 Nxe5 20. Nxg6+ hxg6 21. Qh4+ Bh6 22. Qxh6+ Qh7 23. Qxf8+ {
Blanco,J-Geller,S/Tandil 2003/CBM 094 ext/1-0}  )( 8... Nc6 9. Be3 e5 10. dxe5
dxe5 11. Rd1 $14 )9. Bd3 { Black has a cramped position}  ( 9. Be3 Nfd7 $16
)9... Nbd7 ( 9... Qb6 $142 10. Qf2 e5 $14 )10. f5 $4 { with this move White
loses his initiative}  ( 10. Be3 $5 $16)10... e5 ( 10... Qb6 $5 $142 { should
be considered}  11. Qe3 Ne8 $15 )11. d5 $14 { White wins space}  11... Nc5 12.
O-O ( 12. Bc2 gxf5 13. Qxf5 Qb6 $16 )12... Qb6 { White king safety dropped}  (
{ Inferior is } 12... Nxd3 13. Qxd3 Nh5 14. Be3 $14 )13. Kh1 a6 { Controls b5} 
( 13... gxf5 $5 { has some apparent merit}  14. exf5 Nxd3 15. Qxd3 Qd4 $11 )14.
Bc2 $16 { White has an active position}  14... Qc7 ( 14... Ncd7 $5 $16 $142)15.
g4 $18 cxd5 ( 15... gxf5 16. Qxf5 Kh8 17. Be3 $18 )16. cxd5 ( 16. g5 Ncxe4 17.
cxd5 Nxc3 18. gxf6 Bxf6 19. bxc3 b5 $18 )16... Ne8 17. Bd2 h6 18. Qg2 ( 18. h4
$5 $18 $142)18... g5 $16 19. h4 f6 ( 19... Bf6 20. Qh3 Kg7 21. Qe3 $14 )20.
hxg5 ( 20. b4 $5 Nd7 21. a3 $16 )20... fxg5 $16 { White has a new protected
passed pawn: f5. Black has a new backward pawn: h6. Black has a cramped
position}  21. Rf3 { Black has a cramped position}  21... Nf6 22. Rh3 Kf7 (
22... Ncd7 23. Rc1 $14 )23. b4 $16 Ncd7 24. a4 Ke7 25. Rc1 b6 ( 25... Rac8 $5
$16)26. Bd3 Qb7 27. a5 ( 27. Qe2 $5 $18)27... b5  1/2-1/2